000 00752nam a2200205Ii 4500
003 JO-AjNU
008 230605s9999||||xx |||||||||||||| ||und||
017 _a2004/9/2215
040 _aJO-AjNU
_bara
_erda
_cJO-AjNU
041 _aara
050 1 4 _aPJ8060.Q76 2005
100 3 _aقرقز،صالح عبدالله,
_eauthor
_914571
245 0 0 _aالمعاني الوطنية عند شعراء الإمارة الأردنية "شكلا ومضمونا"
264 3 1 _aإربد: دار الكتاب الثقافي للطباعة والنشر، 2005
300 _a146ص
336 _atext
_btxt
_2rdacontent
337 _aunmediated
_bn
_2rdamedia
338 _avolume
_bnc
_2rdacarrier
650 4 _aالشعر العربي - النقد الأدبي
_914572
999 _aA3917
_c7485
_d7485